|
|
แสดงรายละเอียดบรรณานุกรม |
|
|
Brief Record
: Get Marc (ISO 2709)
: E-mail record
: |
|
|
|
| LEADER 00000nam 2200000uu 4500 | |||
| 001 210610 | |||
| 003 ULIBM | |||
| 008 020711s2557 th a 000 0 tha d | |||
| 020 978-616-344-510-0 | |||
| 060 WH700 ณ342ร 2557 | |||
| 100 ณัฐภัทร วัฒวรากุล | |||
| 245 โรคของระบบน้ำเหลือง/^cณัฐภัทร วัฒวรากุล | |||
| 260 กรุงเทพฯ :^bFeel good Pub.,^c2557 | |||
| 300 238 หน้า :^bภาพประกอบ ;^c21 ซม. | |||
| 650 ต่อมน้ำเหลือง,เนื้องอก | |||
| 650 0 ต่อมน้เหลือง,โรค | |||
| 650 0 Lymphatic disease | |||
| 650 0 Lymphatic system | |||
| 999 ^aใช้งานได้ทุกระบบ | |||
| คุณยังไม่ได้ล็อกอิน คุณสามารถมีกิจกรรมร่วมกับเว็บไซต์ได้ แต่ต้องล็อกอินก่อน :: |
|
| สถานะ | |||||||||
| 1. | หนังสือทั่วไป | WH700 ณ342ร 2557 ฉ.1 | On Shelf ขอยืม | ||||||
| 2. | หนังสือทั่วไป | WH700 ณ342ร 2557 ฉ.2 | On Shelf ขอยืม | ||||||
| 3. | หนังสือทั่วไป สถานะ=หนังสือเก่า - บริการ ณ ห้องสมุด (ห้องเหลือง) | WH700 ณ342ร 2557 ฉ.3 | On Shelf ขอยืม | ||||||
| 4. | หนังสือทั่วไป สถานะ=หนังสือเก่า - บริการ ณ ห้องสมุด (ห้องเหลือง) | WH700 ณ342ร 2557 ฉ.4 | On Shelf ขอยืม | ||||||
| 5. | หนังสือทั่วไป สถานะ=หนังสือเก่า - บริการ ณ ห้องสมุด (ห้องเหลือง) | WH700 ณ342ร 2557 ฉ.5 | On Shelf ขอยืม | ||||||
| [แสดง 5/5 รายการ] | |||||||||
| รายการใกล้เคียง หัวเรื่อง [Lymphatic disease]
|
BibComment |
| คอมเมนท์ทรัพยากรรายการนี้ |
|
|